Meranie teploty v úzkych medzerách hydrostatických strojov

Bibliographic Details
Main Author: Ivantyšynová, Monika, 1955- (Author)
Format: Article
Language:Slovak
PhysicalDescription:Obr. 1. Grafy 2. Sch. 5., lit. 12 zázn. v slov., češ., ruš., nem.
Subjects:

MARC

LEADER 00000nab a2200000 a 4500
001 vtls000235590
003 SK-MaSNL
005 20260302210437.0
008 160204c1985 xo 0 slo
015 |a SNBRB19rr/mm-uuuuu 
035 |a CL0245704 
040 |a SNKBUCL  |b slo  |c SNKBUCL  |e AACR2 
041 0 |a slo 
044 |a xo  |c SK 
080 |a 536.53:621.65+621.225  |2 1981 
080 |a 621.65  |2 1981 
080 |a 621.225  |2 1981 
100 1 |a Ivantyšynová, Monika,  |d 1955-  |4 aut  |9 8562 
245 1 0 |a Meranie teploty v úzkych medzerách hydrostatických strojov  |c Monika Ivantyšynová 
300 |b Obr. 1. Grafy 2. Sch. 5., lit. 12 zázn. v slov., češ., ruš., nem. 
650 0 7 |a stroje hydrostatické  |2 snkbucl  |9 933413 
650 0 7 |a teploty  |2 snkbucl  |9 933414 
650 0 7 |a snímače teploty  |2 snkbucl  |9 930543 
655 7 |a články z novín a časopisov  |2 snkbucl  |9 267496 
773 0 |t Hydraulika  |g Č. 46 (1985), s. 19-21 
850 |a Slovenská národná knižnica v Martine  |a MTA001 
852 |a SNK  |b KIS3GCP 
958 |a NB 
958 |a RK 
992 |a RBX 
999 |c 1482713  |d 1484643